Statistics for F1 "Hat-trick" Drivers

Click here to take the quiz!

General Stats

  • This quiz has been taken 20 times
  • The average score is 30 of 47

Answer Stats

Hat-trick
Races
NationalityAnswer% Correct
9ArgentinaJuan Manuel Fangio
100%
19United KingdomLewis Hamilton
100%
22GermanyMichael Schumacher
100%
8GermanySebastian Vettel
100%
8FranceAlain Prost
94%
7BrazilAyrton Senna
94%
5SpainFernando Alonso
94%
1United KingdomJenson Button
89%
10NetherlandsMax Verstappen
89%
2MonacoCharles Leclerc
78%
2FinlandKimi Raikkonen
78%
5United KingdomNigel Mansell
78%
3AustriaNiki Lauda
78%
7ItalyAlberto Ascari
72%
1United KingdomDavid Coulthard
72%
1CanadaGilles Villeneuve
72%
3AustraliaJack Brabham
72%
2CanadaJacques Villeneuve
72%
11United KingdomJim Clark
72%
5FinlandMika Hakkinen
72%
3BrazilNelson Piquet
72%
5United KingdomDamon Hill
67%
4BrazilFelipe Massa
67%
2United KingdomGraham Hill
67%
4United KingdomJackie Stewart
67%
3GermanyNico Rosberg
67%
1United StatesPhil Hill
67%
2FinlandValtteri Bottas
67%
4BelgiumJacky Ickx
61%
1AustriaJochen Rindt
61%
4United KingdomStirling Moss
61%
2AustriaGerhard Berger
56%
2United KingdomJames Hunt
56%
2United StatesMario Andretti
56%
2AustraliaAlan Jones
50%
1ItalyGiuseppe Farina
50%
3United KingdomJohn Surtees
50%
1ColombiaJuan-Pablo Montoya
50%
2BrazilRubens Barrichello
50%
1ArgentinaCarlos Reutemann
39%
1SwitzerlandClay Regazzoni
39%
1United KingdomMike Hawthorn
28%
1SwedenRonnie Peterson
28%
2FranceJacques Laffite
22%
1SwitzerlandJo Siffert
22%
1United KingdomTony Brooks
6%
1United StatesBill Vukovich
0%

Score Distribution

Percentile by Number Answered

Percent of People with Each Score

Your Score History

You have not taken this quiz